Edmonton Oilers Roster 24-25 - Statistics

General Stats
  • This quiz has been taken 174 times
    20 since last reset
  • The average score is 22 of 32
Answer Stats
# Player % Correct
97 Connor McDavid
100%
2 Evan Bouchard
100%
53 Jeff Skinner
100%
29 Leon Draisaitl
100%
93 Ryan Nugent-Hopkins
100%
74 Stuart Skinner
100%
25 Darnell Nurse
95%
30 Calvin Pickard
89%
90 Corey Perry
89%
91 Evander Kane
89%
18 Zach Hyman
89%
19 Adam Henrique
79%
28 Connor Brown
79%
96 Jake Walman
79%
44 Joshua Brown
79%
14 Mattias Ekholm
74%
42 Kasperi Kapanen
68%
51 Troy Stecher
68%
92 Vasily Podkolzin
63%
33 Viktor Arvidsson
63%
13 Mattias Janmark
58%
49 Ty Emberson
58%
27 Brett Kulak
53%
10 Derek Ryan
53%
36 John Klingberg
53%
21 Trent Frederic
47%
46 Max Jones
42%
35 Olivier Rodrigue
42%
48 Noah Philp
37%
22 Matt Savoie
32%
85 Cam Dineen
21%
52 James Hamblin
11%
No matching quizzes found
Score Distribution
Percent of People with Each Score
Percentile by Number Answered
Your Score History
You have not taken this quiz since the last reset